000 00670nam a2200265Ia 4500
005 20260121165041.0
008 008 260114s9999 xx 000 0 eng d
020 _a9781137541468
037 _aEBOOK
040 _aCRL
040 _beng
040 _cCRL
041 _2eng
041 _aeng
084 _qCRL
100 _aMatteo Carlo Alcano
_91046903
245 0 _aMasculine Identities and Male Sex Work between East Java and Bali
260 _bSpringer
260 _bSpringer
260 _c2016
856 _uhttps://link.springer.com/openurl?genre=book&isbn=978-1-137-54146-8
942 _cEBOOK
999 _c1612628
_d1612628